| 000 | 00612nam a2200181 4500 | ||
|---|---|---|---|
| 001 | 110922 | ||
| 003 | ES-MaACL | ||
| 005 | 20230906185214.0 | ||
| 007 | t| | ||
| 008 | 061121s1966 sp r ||||1| spa d | ||
| 100 | 1 |
_aNack, Emil. _984785 |
|
| 245 | 1 | 0 |
_aEgipto y el próximo Oriente en la antigüedad / _cEmil Nack [ traducción por Francisco Payarols ; revisión por Carmen Picart. |
| 260 |
_aBarcelona [etc.] : _bLabor, _c1966. |
||
| 300 |
_aXII, 443 p. lám. I-XLVI : _bil ; _c22 cm. |
||
| 700 | 1 |
_aPayarols, Francisco. _989715 |
|
| 700 | 1 |
_aPicart, Carmen. _991788 |
|
| 852 |
_aES-MaACL _jC-29254 _bR.59791 |
||
| 999 |
_c110922 _d110922 |
||